Biblioteca

La disciplina eclesiástica en la vida personal de los fieles (Registro nro. 69939)

Detalles MARC
000 -LÍDER
Campo fijo de descripción fija 01650nam a2200253 i 4500
001 - NÚMERO DE CONTROL
Campo de control 768714001
003 - IDENTIFICADOR DEL NÚMERO DE CONTROL
Campo de control CO-MdFUSB
005 - FECHA Y HORA DE LA ULTIMA TRANSACCIÓN
control field 20240527171346.0
008 - ELEMENTOS DE LONGITUD FIJA -- INFORMACIÓN GENERAL
Campo fijo de descripción fija -- Información general 240527t1975 sp ||||| |||| 00| 0 spa d
040 ## - FUENTE DE CATALOGACIÓN
Idioma de catalogación spa
Agencia que realiza la transcripción CO-MdFUSB
Agencia que realiza la modificación CO-MdFUSB
041 ## - CÓDIGO DE IDIOMA
Código de idioma para texto/pista de sonido o título separado spa
100 ## - ASIENTO PRINCIPAL--NOMBRE PERSONAL
Nombre personal Anastasiou, Ioannis,
Término relacionador autor
245 #3 - TÍTULO
Título La disciplina eclesiástica en la vida personal de los fieles
Mención de responsabilidad / Ioannis Anastasiou ; traducido por Jesús valiente Malla
520 ## - NOTA DE RESUMEN, ETC.
Nota de sumario, etc. El fiel cristiano no es un individuo aislado, sino que pertenece a la Iglesia fundada por Cristo y que constituye su cuerpo. La Escritura atestigua este hecho de la incorporación, que además es universalmente aceptado por la doctrina cristiana. El creyente, como miembro del cuerpo de Cristo, es consciente de pertenecer a una nación santa, el nuevo Israel de la gracia, y de estar llamado a una salvación que se realiza a través de su participación en el culto de la Iglesia y en los sacramentos (mysteria) que le confieren la gracia. La participación de los fieles en la Iglesia es en sí misma un misterio que se realiza mediante la llamada de Cristo y el sacramento del bautismo.
630 #0 - PUNTO DE ACCESO ADICIONAL DE MATERIA - TÍTULO UNIFORME
Título uniforme Religión, cultura y sociedad
650 #0 - ASIENTO SECUNDARIO DE MATERIA - TERMINO TEMÁTICO
Término temático o nombre geográfico como elemento de entrada Disciplina eclesiástica
9 (RLIN) 1206
650 #7 - ASIENTO SECUNDARIO DE MATERIA - TERMINO TEMÁTICO
Término temático o nombre geográfico como elemento de entrada Iglesia
9 (RLIN) 655
650 #2 - ASIENTO SECUNDARIO DE MATERIA - TERMINO TEMÁTICO
Término temático o nombre geográfico como elemento de entrada Penitencia (Sacramento)
9 (RLIN) 1153
650 #7 - ASIENTO SECUNDARIO DE MATERIA - TERMINO TEMÁTICO
Término temático o nombre geográfico como elemento de entrada Cristología
9 (RLIN) 239
700 ## - ENTR. SECUNDARIA - Nombre Personal (R)
Nombre de persona Valiente Malla, Jesús,
Término indicativo de función traductor
773 0# - ASIENTO DE ITEM FUENTE
Biblionumber 49450
Itemnumber 82688
Otro identificador del ítem R2597
Título Revista internacional de teología Concilium
Número de control del registro (CO-MdFUSB)8
Número Internacional Normalizado para Publicaciones Seriadas (ISSN) 0210-1041
Parte(s) relacionada(s) / Volumen., número. (mes año), páginas Volumen 107, (julio - agosto, 1975) páginas: 57 - 67
Enumeración y primera página páginas: 57
942 ## - TIPO DE MATERIAL (KOHA)
Tipo de Item KOHA Artículos de Revista
945 ## - INFORMACIÓN LOCAL DEL REGISTRO
Catalogador Catherine Arias Álvarez - Practicante SENA

No hay ítems disponibles.

Biblioteca FUSBC | Teléfono: (57+4) 349 88 10 Ext. 141| WhatsApp (+57) 3005338115 
E-mail: biblioteca@unisbc.edu.co | Calle 76 87-14 Robledo Palenque, Medellín, Colombia

Con tecnología Koha